Monopolistic competition, costs of adjustment and the behaviour of European manufacturing employment.
Dynamický model zamestnanosti v podmienkach monopolnej konkurencie s uplatnením údajov z výroby v Európe a USA. Dôkazy o monopolne konkurenčnom správaní boli zistené iba vo väčších ekonomikách Európy.
Saved in:
| Main Author: | |
|---|---|
| Format: | Book Chapter |
| Language: | English |
| Subjects: | |
| Tags: |
No Tags, Be the first to tag this record!
|
MARC
| LEADER | 00000naa a2200000 4500 | ||
|---|---|---|---|
| 001 | r003348 | ||
| 005 | 20221130103135.1 | ||
| 041 | 0 | |a eng | |
| 044 | |a NL | ||
| 245 | 1 | 0 | |a Monopolistic competition, costs of adjustment and the behaviour of European manufacturing employment. |c Michael C. Burda |
| 520 | |a Dynamický model zamestnanosti v podmienkach monopolnej konkurencie s uplatnením údajov z výroby v Európe a USA. Dôkazy o monopolne konkurenčnom správaní boli zistené iba vo väčších ekonomikách Európy. | ||
| 610 | 2 | 0 | |a konkurencia |
| 610 | 2 | 0 | |a modely dynamické |
| 610 | 2 | 0 | |a zamestnanosť |
| 610 | 2 | 0 | |a porovnanie štatistické medzinárodné |
| 610 | 2 | 0 | |a Európa |
| 610 | 2 | 0 | |a USA |
| 100 | 1 | |a Burda, Michael C. | |